000 00337cam a22001217a 4500
008 180718b xxu||||| |||| 00| 0 eng d
082 _aA60 St45
245 _aVarities of history from voltaire to the present
_cedited by Fritz Stern
260 _aLondon
_bMaridian
_c
300 _a427p.
650 _aHistoriography
700 _aStern Fritz,ed
999 _c413502
_d413502